000 00207nam a22000857a 4500
001 1235992
005 20251001115423.0
245 _aŞAŞGIN CENGAVER
_cİSMET BERTAN
260 _bGÜNIŞIĞI KİTAPLIĞI YAYINLARI
999 _c1235992
_d1235992